|
|
แสดงรายละเอียดบรรณานุกรม |
|
|
Brief Record
: Get Marc (ISO 2709)
: E-mail record
: |
|
|
|
| LEADER 00000nama 2200000uu 4500 | |||
| 001 197412 | |||
| 003 ULIBM | |||
| 008 040531s|||| th m m a000 0 tha d | |||
| 020 ^a974-11-0545-2 | |||
| 041 tha | |||
| 050 WY152 พ587ก ล.2 2550 | |||
| 100 พัสมณฑ์ คุ้มทวีพร, รศ. | |||
| 245 การพยาบาลผู้ใหญ่และผู้สูงอายุ 2/รศ. พัสมณฑ์ คุ้มทวีพร. | |||
| 250 พิมพ์ครั้งที่ 1. | |||
| 260 มหาวิทยาลัยมหิดล. กรุงเทพฯ. 2550. | |||
| 300 328 หน้า. | |||
| 650 1.การพยาบาลผู้สูงอายุ 2.การพยาบาลผู้ใหญ่ 3.การพยาบาลเวชศาสตร์วัยชรา 4.ผู้สูงอายุ. | |||
| 995 001 | |||
| 999 ^aใช้งานได้ทุกระบบ | |||
| คุณยังไม่ได้ล็อกอิน คุณสามารถมีกิจกรรมร่วมกับเว็บไซต์ได้ แต่ต้องล็อกอินก่อน :: |
|
| สถานะ | |||||||||
| 1. | หนังสือทั่วไป | WY152 พ587ก ล.2 2550 | On Shelf ขอยืม | ||||||
| 2. | หนังสือทั่วไป | WY152 พ587ก ล.2 2550 | On Shelf ขอยืม | ||||||
| 3. | หนังสือทั่วไป | WY152 พ587ก ล.2 2550 | On Shelf ขอยืม | ||||||
| [แสดง 3/3 รายการ] | |||||||||
BibComment |
| คอมเมนท์ทรัพยากรรายการนี้ |
|
|